| Поле | Название | Значение |
| |
Тип записи |
a |
| |
Библиографический уровень |
m |
| 001 |
Контрольный номер |
admiBOOK00019849 |
| 005 |
Дата корректировки |
20140508173759.4 |
| 010 |
Индекс ISBN |
__ |
| a |
ISBN |
978-5-222-18805-7 |
| d |
Цена |
347,34 |
| 100 |
Данные общей обработки |
__ |
| a |
Данные общей обработки |
19020212 |||y0 y0189 ca |
| 101 |
Язык документа |
__ |
| a |
Язык текста |
rus |
| 105 |
Кодированные данные (монография) |
__ |
| a |
Кодированные данные (монография) |
zy |
| 200 |
Заглавие и сведения об ответственности |
0_ |
| a |
Заглавие |
История для бакалавров |
| f |
Первые сведения об ответственности |
П.С. Самыгин |
| 205 |
Сведения об издании |
__ |
| b |
Дополнительные сведения об издании |
Рек. Акад. гум. наук |
| 210 |
Выходные данные |
__ |
| a |
Место издания |
Ростов н/Д |
| c |
Издательство |
Феникс |
| d |
Дата издания |
2011 |
| 215 |
Физическое описание |
__ |
| a |
Объем |
573,[2]с. |
| 225 |
Серия |
__ |
| a |
Серия |
Высшее образование |
| 606 |
Тематические рубрики |
__ |
| a |
Основная рубрика |
Всемирная история |
| 610 |
Ключевые слова |
__ |
| a |
Ключевые слова |
Всемирная история |
| a |
Ключевые слова |
История |
| a |
Ключевые слова |
Древнейшая история |
| a |
Ключевые слова |
Древняя история |
| a |
Ключевые слова |
История средних веков |
| a |
Ключевые слова |
История Нового времени |
| a |
Ключевые слова |
Мир в первой половине ХХ века |
| a |
Ключевые слова |
Мир во второй половине ХХ века |
| a |
Ключевые слова |
История для бакалавров |
| 675 |
Индекс УДК |
__ |
| a |
Индекс УДК |
94(075.8) |
| 686 |
Индексы других классификаций |
__ |
| a |
Классификационный индекс |
63.3(0) |
| 700 |
Автор |
__ |
| a |
Фамилия |
Самыгин |
| b |
Имя |
П.С. |
| 852 |
Данные о местонахождении |
__ |
| c |
Местонахождение стеллажа |
63.3(0) |
| j |
Шифр хранения |
63.3(0) |
| 852 |
Данные о местонахождении |
__ |
| b |
Сигла хранения |
ЧЗ_2 |
| t |
Номер экземпляра |
2 |
| i |
Авторский знак |
С17 |
| p |
Инвентарный номер |
148570 |
| p |
Инвентарный номер |
148571 |
| 901 |
Тип документа |
__ |
| t |
Тип документа |
m |
| 911 |
|
__ |
| u |
|
952a=Учебник |
| u |
|
952p=2307 |
| 938 |
Служебная информация |
__ |
| a |
Название организации |
Саранский филиал |
| b |
Имя БД |
OUTPUT.MRC_Саранск |
| c |
Название АИБС |
АИБС Библиотека |